Normal view
MARC view
Entry Personal Name
001 - CONTROL NUMBER
- control field: 4656
003 - CONTROL NUMBER IDENTIFIER
- control field: NLI
005 - DATE AND TIME OF LATEST TRANSACTION
- control field: 20210415125741.0
008 - FIXED-LENGTH DATA ELEMENTS
- fixed length control field: 210415|| aca||aabn | a|a d
040 ## - CATALOGING SOURCE
- Original cataloging agency: NLI
- Transcribing agency: NLI
100 ## - HEADING--PERSONAL NAME
- Personal name: Phukan, Neeva Rani
670 ## - SOURCE DATA FOUND
- Source citation: Work cat.: (NLI): 880-01 Phukan, Neeva Rani, Rabha social rites and customs:, 2015
